01381nam a2200277 a 450000100100000000500170001000800410002704000250006808200150009310000410010824500980014926000340024730000210028149000240030249000690032650400390039571000510043483000280048583000760051304900090058995201280059895201280072695201130085495201190096799900170108600001704220240307073946.0100316s1985 dr 001 0 spa d aDO-SdBNPbspacBNPHU axxxbB333s1 aBatista del Villar, Guarocuya92040810aSalud, capitalismo dependiente y transición revolucionaria /cGuarocuya Batista del Villar. aSanto Domingo :bUASD,c1985. a139 p. ;c21 cm.1 aSalud y sociedadv61 aPublicaciones de la Universidad Autónoma de Santo Domingov398 aIncluye bibliografias [p. 129-131]1 aUniversidad Autónoma de Santo Domingo972951 0aSalud y sociedad913999 0aPublicaciones de la Universidad Autónoma de Santo Domingon398937606 aBNPD 001054708DSaGRbGRcCTd2010-03-16iLF1l0oxxx B333sp17042-30r2020-06-25te. 4w2020-06-25yLFDSZPréstamo en sala 001054708DSaGRbGRcCTd2010-03-16iLF1l0oxxx B333sp17042-40r2020-06-25te. 3w2020-06-25yLFDSZPréstamo en sala 0010718PDaPDbPDcCTd2010-03-16iLF1l0oxxx B333sp17042-10r2020-06-25w2020-06-25yLFPDZNo se presta 0010718PDaPDbPDcCTd2010-03-16iLF1l0oxxx B333sp17042-20r2020-06-25te. 2w2020-06-25yLFPDZNo se presta c16568d16568